| 000 | 00799nas a2200253 4500 | ||
|---|---|---|---|
| 001 | BR0806709 | ||
| 003 | BR-BrBNA | ||
| 005 | 20231205112205.0 | ||
| 007 | ta | ||
| 008 | 230509b bl.|||p| |||| 00| 00por d | ||
| 040 |
_aBR-BrBNA _bpor _cBiblioteca Nacional de Agricultura |
||
| 041 | _a(Pt) | ||
| 072 | _aM12; L02 | ||
| 100 | 1 | _aSantos, C.H. dos A. dos | |
| 100 | 1 | _aLourenço, J.A. | |
| 100 | 1 | _aIgarashi, M.A. | |
| 245 | 1 | _aCrescimento de tilápia-do-nilo alimentada com peixes marinhos provenientes da pesca do camarão | |
| 650 | _aTILÁPIA | ||
| 650 | _aNUTRIÇÃO ANIMAL | ||
| 650 | _aAQUICULTURA | ||
| 773 | 0 |
_tCiência Animal Brasileira (2007) _xISSN 1518-2797 _g(Apr-Jun 2007), v. 8(2) p. 185-192 _wBR0806709 |
|
| 909 |
_a202311 _bLúcia _c55 _dLúcia Elande |
||
| 942 |
_2AGRIS _n0 _cANA |
||
| 999 |
_c196628 _d196628 |
||